000 00306nam a22001337a 4500
008 170607b xxu||||| |||| 00| 0 eng d
020 _a0316928593
041 _aeng
080 _a32
100 _a18
101 _aSHP
245 _aUNDERSTANDING POLITICAL DEVELOPMENT
_cHUNTINGTON.S
942 _2udc
_cBK
999 _c16240
_d16240